000 00354nam a22001337a 4500
040 _cNust
082 _a621.3815
_bSED
100 _aKenneth C. Smith
_9125574
245 _aMicroelectronics Circuit
250 _a4th Edition
260 _aNow York:
_bOxford University Press,
_c1998.
650 _aMicroelectronics Circuit
_9125575
942 _2ddc
_cBK
999 _c611319
_d611319